000 00819nam a2200289 4500
001 000427291
003 DO-SdBNP
005 20180131150724.0
007 000427291
008 950111s1993 sp | |||| ||spa
016 7 _a
_2BPMSU
017 _a
_b
020 _a8481300209
035 _a
040 _aBPMSU
_bspa
_cBPMSU
_e
080 0 _a
100 1 _aMarsé, Juan,
_d1933-
240 1 3 _aLa oscura historia de la prima Montse
_kSelección
245 1 4 _aLos misterios de colores /
_cJuan Marsé.
_h
260 _aBarcelona :
_bPrimera Plana,
_c1993.
300 _a95 p. :
_c21 cm.
490 1 _aBiblioteca de literatura universal
_v22
830 0 _pBiblioteca de literatura universal
_v22
942 _2ddc
_cBK
945 _aInventariado, 2018 /LP
956 _aVMATEO
_210
_320151130
_6BPMSU
_800151
999 _c8972
_d8972